000 00678nam a2200241Ia 4500
003 OSt
005 20220925212445.0
006 a|||||r|||| 00| 0
007 ta
008 220923b |||||||| |||| 00| 0 eng d
020 _a004012355
037 _cGeneral Book
040 _aRTL
_cRTL
_beng
041 _2eng
_aeng
082 _aYxM64:g, M7/TD
100 _aLash Scott
_9151345
245 0 _aMax Weber Rationality and Modernity.
260 _aLondon
_bAllen & Unwin
_c1987
300 _axvii,394p.
_ccm.
700 _a Whimster S Ed.
_9276828
942 _hYxM64:g, M7/TD
_cGB
_2CC
999 _c560409
_d560409